Normal view
MARC view
- Romero, Sensi
Entry Nombre Personal
001 - NUMERO DE CONTROL
- campo de control: 35801
003 - IDENTIFICADOR DE NUMERO DE CONTROL
- campo de control: UPN
005 - FECHA Y HORA DE LA ÜLTIMA TRANSACCIÓN
- campo de control: 20210219194507.0
008 - DATOS DE LONGITUD FIJA
- campo de control de longitud fija: nabaccnnaabn|||||||||| b |nc|||||d
035 ## - NUMERO DE CONTROL
- Número de control: UPN11000007908
040 ## - FUENTE DE CATALOGACIÓN
- Lenguaje de catalogación: SPA
- Agencia de transcripción: UPN
100 1# - ENCABEZAMIENTO - NOMBRE PERSONAL
- Nombre personal: Romero, Sensi
670 ## - FUENTE EN LA QUE SE LOCALIZARON DATOS
- Cita de la fuente: T
- Información localizada: Wikipedia
680 ## - NOTA PUBLICA DE ACCESO PÚBLICO
- Frase explicativa de la referencia: Escritora española de literatura infantil. Es además miembro de la SGAE, compositora (con más de cien canciones registradas); productora de espectáculos y representante de artistas. Dentro del mundo de la literatura infantil, además de su obra literaria, realiza talleres dirigidos tanto al público infantil como a los educadores y padres para incentivar al niño a la lectura, haciendo especial hincapié en la educación en valores.
902 ## - CATALOGADOR
- Catalogador: MITM/170914
